Statistics for Largest Immigrant Group By Country

Click here to take the quiz!

General Stats

  • This quiz has been taken 34 times
  • The average score is 20 of 30

Answer Stats

CountryTotalGroup% Correct
United States11,22 milMexico
96%
India3,12 milBangladesh
85%
France994,350Algeria
81%
United Kingdom935,490India
81%
Germany1,49 milTurkey
77%
Russia3,82 milUkraine
73%
Australia1,16 milUnited Kingdom
73%
South Korea1,02 milChina
69%
Spain936,150Morocco
69%
Sweden296,330Syria
69%
Turkey4,03 milSyria
69%
Poland1,56 milUkraine
69%
Saudi Arabia2,26 milIndia
65%
Israel1,3 milRussia
65%
Brazil857,980Venezuela
65%
Portugal326,750Brazil
62%
Japan778,100China
62%
Belgium170,320France
62%
Switzerland325,080Italy
62%
China202,990South Korea
62%
Mexico833,510United States
62%
Colombia2,57 milVenezuela
62%
Canada908,830India
58%
Netherlands426,780Turkey
58%
Chile602,450Venezuela
54%
South Africa690,240Zimbabwe
54%
Argentina635,680Paraguay
50%
Ireland147,250Poland
50%
Italy1,13 milRomania
50%
Norway122,560Poland
42%

Score Distribution

Percentile by Number Answered

Percent of People with Each Score

Your Score History

You have not taken this quiz